اثار وادى الجرف : (Record no. 67004)
[ view plain ]
| 000 -الفاتح | |
|---|---|
| حقل البيانات ثابتة الطول | 01063nam a2200265 4500 |
| 005 - وقت وتاريخ اخر تعامل مع التسجيلة | |
| رقم الضبط | 20240530110951.0 |
| 008 - عناصر البيانات ثابتة الطول - معلومات عامة | |
| حقل البيانات ثابتة الطول | 221214s2022 ua bh f b 00| 0 ara d |
| 017 ## - رقم الايداع القانونى | |
| رقم الايداع القانونى | 2021/2751 |
| المصدر ( الهيئة المختصة) | مصر. دار الكتب |
| 020 ## - الرقم الدولى المعيارى للكتب | |
| الرقم الدولى المعيارى للكتاب | 9789776809772 |
| 040 ## - مصدر الفهرسة | |
| وكالة الفهرسة الأصلية | EG-CaGPL |
| وكالة النسخ | EG-CaGPL |
| 082 04 - رقم تصنيف ديوى العشرى | |
| رقم الطبعة | 21 |
| رقم التصنيف | 909.09653 |
| رقم المادة | ق/أ أ |
| 100 0# - المدخل الرئيسى - إسم شخصى | |
| الإسم الشخصى | امانى يسرى رسمى |
| 245 10 - بيان العنوان | |
| العنوان | اثار وادى الجرف : |
| بقية العنوان | دراسة تحليلة / |
| بيان المسئوليه,etc | اعداد امانى يسرى رسمى ؛ تقديم احمد امين سليم، عماد خليل |
| 250 ## - بيان الطبعة | |
| بيان الطبعة | ط 1 |
| 260 ## - PUBLICATION, DISTRIBUTION, ETC. (IMPRINT) | |
| تاريخ النشر أو التوزيع | 2022. |
| 300 ## - الوصف المادى | |
| التعداد | 250 ص. : |
| تفاصيل ماديه اخرى للوعاء | ايض ؛ |
| أبعاد الوعاء | 24 سم. |
| 504 ## - تبصرة ببليوجرافية | |
| تبصرة ببليوجرافية,الخ | يشتمل على ارجاعات ببليوجرافية |
| 650 07 - المدخل الاضافى بالموضوع-مصطلح موضوعى | |
| مصدر الرأس أو المصطلح | qrmak |
| مصطلح موضوعي | الاثار، علم |
| 651 07 - المدخل الاضافى بالموضوع - اسم جغرافى | |
| مصدر الرأس أو المصطلح | qrmak |
| الاسم الجغرافي | وادى الجرف |
| التقسيم الفرعي العام | اثار |
| 653 0# - مصطلح تكشيفى غير مقيد | |
| مصطلح غير مقيد | المواقع الاثرية |
| 700 0# - المدخل الاضافى - اسم شخصى | |
| الإسم الشخصى | احمد امين سليم |
| الدور | مقدم |
| 700 0# - المدخل الاضافى - اسم شخصى | |
| الإسم الشخصى | عماد خليل |
| الدور | مقدم |
| 942 ## - عناصر المدخل الإضافي( كوها) | |
| مصدر التصنيف او مخطط الترفيف | Dewey Decimal Classification |
| Koha [default] item type | كتاب |
| 260 ## - PUBLICATION, DISTRIBUTION, ETC. (IMPRINT) | |
| -- | القاهرة : |
| -- | المؤسسة الدولية للكناب، |
| حالة التراجع | حالة الفقد | حالة تلف | ليس للاعارة | المكان المؤقت | الموقع الحالى | موقع الترفيف | تاريخ الاكتساب | اجمالي اﻻعارات | رقم الطلب | الباركود | تاريخ اخر مشاهدة | تاريخ تفعيل السعر | نوع وعاء كوها |
|---|---|---|---|---|---|---|---|---|---|---|---|---|---|
| مكتبة القاهرة الكبرى | مكتبة القاهرة الكبرى | 12/14/2022 | 909.09653 ق/أ أ | 169024 | 12/14/2022 | 12/14/2022 | كتاب |

